[Event "ICS rated blitz match"]
[Site "207.99.83.227"]
[Date "1999.05.13"]
[Round "?"]
[White "Hossa"]
[Black "Varguz"]
[Result "0-1"]
[WhiteElo "2528"]
[BlackElo "2898"]
[Annotator "Crafty v16.6"]
[PlyCount "61"]

{annotating for player ossa using a scoring margin of +0.20 pawns. search time
limit is 1:00} 1. e4 1... e5 2. f4 exf4 3. Nf3 d6 4. Bc4 ({9:-0.91} 4. Bc4 4...
Be7 5. Rg1 Nc6 6. d4 Bh4+ 7. g3 fxg3 8. hxg3 Bf6 9. Nc3 $17) ({9:-0.54} 4. d4
4... g5 5. h3 Bh6 6. Nc3 Nc6 7. Bb5 Nf6 8. e5 $15) 4... h6 5. b4 ({9:-1.07} 5.
b4 5... Be7 6. Qe2 Nc6 7. Bb5 Bg4 8. Qc4 Bh4+ 9. Nxh4 Qxh4+ 10. g3 fxg3 11.
Bxc6+ bxc6 12. Qxc6+ $17) ({9:-0.45} 5. d3 5... g5 6. h4 Bg7 7. hxg5 hxg5 8.
Rxh8 Bxh8 9. Nbd2 Nc6 10. Bd5 $15) 5... c6 6. Qe2 Be7 7. O-O ({9:-1.02} 7. O-O
7... b5 8. Bd3 Nf6 9. a4 Na6 10. c3 Qb6+ 11. Kh1 Bd7 12. axb5 12... cxb5 $17) (
{9:-0.75} 7. Bb2 7... Nf6 8. e5 dxe5 9. Qxe5 O-O 10. Qxf4 b5 11. Bb3 $17) 7...
d5 8. exd5 cxd5 9. Bb5+ Bd7 10. Bxd7+ Nxd7 11. Bb2 Ngf6 12. Qb5 ({9:-0.38} 12.
Qb5 12... Qb6+ 13. Qxb6 Nxb6 14. Re1 Kd8 15. a3 Nc4 16. Bd4 Re8 17. Nc3 $15) ({
9:-0.11} 12. Re1 12... Kf8 13. a3 Bd6 14. Qd3 a5 15. bxa5 Bc5+ 16. Nd4 16...
Rxa5 $10) 12... O-O 13. Qxb7 Rb8 14. Qxa7 Bxb4 15. Bd4 Ne4 16. a3 Bc5 17. Qa4
Ra8 18. Qb3 Bxd4+ 19. Nxd4 Ndc5 20. Qa2 Qb6 21. Qxd5 ({10:-0.97} 21. Qxd5 21...
Rfd8 22. Qc6 Qb8 23. d3 Qb2 24. Nb3 Rac8 25. Qb6 Nxb3 26. cxb3 Qxa1 27. dxe4
$17) ({10:-0.65} 21. c3 21... Rfd8 22. Kh1 Nd3 23. Qc2 Qa6 24. Kg1 Qc4 25. Rf3
$15) 21... Rfd8 22. Qc6 Qb8 23. Nb5 Rc8 24. Qd5 Qxb5 25. Qe5 ({9:-4.05} 25. Qe5
25... Qb6 26. c3 Qb2 27. Qxf4 Qxa1 28. Qxf7+ Kh8 29. d4 29... Nd3 $19) ({
9:-2.72} 25. d3 25... Nf6 26. Qe5 Qb6 27. d4 Qb2 28. Nd2 Qxc2 29. dxc5 Qxd2 30.
Rxf4 $19) 25... Qb6 26. Kh1 ({10:-6.41} 26. Kh1 26... Nf2+ 27. Rxf2 Nd3 28.
Rxf4 Nxe5 29. Nc3 Nc4 30. d3 Rxa3 31. Rxa3 31... Nxa3 $19) ({10:-4.00} 26. d4
26... Qb2 27. c3 Qxa1 28. dxc5 Nxc5 29. Qxf4 Qa2 30. c4 30... Ra7 $19) 26...
Nf2+ 27. Rxf2 Nd3 28. Rxf4 Nxe5 29. Nc3 Qd6 30. Ne4 Qd5 31. d4 0-1

[Event "ICS rated blitz match"]
[Site "207.99.83.227"]
[Date "1999.05.14"]
[Round "?"]
[White "Hossa"]
[Black "MarkOrr"]
[Result "0-1"]
[WhiteElo "2535"]
[BlackElo "2163"]
[Annotator "Crafty v16.6"]
[PlyCount "130"]

{annotating for player ossa using a scoring margin of +0.20 pawns. search time
limit is 1:00} 1. e4 1... c6 2. d4 d5 3. Nc3 dxe4 4. Nxe4 Nf6 5. Nxf6+ exf6 6.
c3 Bd6 7. Bd3 O-O 8. Ne2 Re8 9. Qc2 Kh8 10. Bxh7 g6 11. Bxg6 fxg6 12. Qxg6 Nd7
13. Qh5+ Kg8 14. Be3 ({10:+0.06} 14. Be3 14... Nf8 15. Ng3 Be6 16. Nf5 Qc7 17.
Nxd6 Qxd6 18. O-O-O Bxa2 19. Kc2 $10) ({10:+0.34} 14. Bh6 14... Nf8 15. O-O-O
Qe7 16. Ng3 Qf7 17. Qh4 Qxa2 18. Qxf6 18... Be6 $14) 14... Qe7 15. Qg6+ Kh8 16.
O-O-O Rg8 17. Qh5+ Qh7 18. Qf3 Qg6 19. Bf4 Bf8 20. Rdg1 ({9:-0.55} 20. Rdg1
20... Nb6 21. Qe3 Nc4 22. Qg3 Qxg3 23. hxg3+ Kg7 24. Bh6+ Kf7 25. Re1 Bxh6+ 26.
Rxh6 $15) ({9:-0.20} 20. Bg3 20... Qg5+ 21. Nf4 Bh6 22. d5 Ne5 23. Qe3 Qf5 24.
dxc6 Nxc6 25. Qf3 $10) 20... Nb6 21. Qe3 ({10:-2.36} 21. Qe3 21... Nc4 22. Qg3
Qh7 23. f3 Na3 24. bxa3 Bxa3+ 25. Kd2 Rxg3 26. Nxg3 $19) ({10:-0.64} 21. Bd2
21... Bg4 22. Nf4 Bxf3 23. Nxg6+ Rxg6 24. gxf3 Rxg1+ 25. Rxg1 Kh7 26. h4 Re8
27. Bf4 $15) 21... Bd7 22. h3 ({10:-1.88} 22. h3 22... Re8 23. Qf3 Be6 24. Ng3
Bxa2 25. Qh5+ Qxh5 26. Nxh5 Be7 27. h4 27... Bc4 $19) ({10:-1.48} 22. Bg3 22...
Re8 23. Qd2 Qe4 24. Qf4 Qxe2 25. Qxf6+ Kh7 26. f4 Nc4 27. Qf7+ 27... Rg7 $17)
22... Re8 23. Qf3 Be6 24. c4 ({10:-2.81} 24. c4 24... Bxc4 25. Nc3 Nd5 26. Nxd5
Bxd5 27. Qg3 Qh7 28. Qc3 Rxg2 29. Rxg2 29... Bxg2 $19) ({10:-2.18} 24. Ng3
24... Bxa2 25. Qh5+ Qxh5 26. Nxh5 Nd5 27. Be3 Bb3 28. g4 Bd6 29. Re1 29... Re4
$19) 24... Bxc4 25. Nc3 Bd5 26. Nxd5 ({10:-3.56} 26. Nxd5 26... cxd5 27. g3
Rc8+ 28. Kd1 Qb1+ 29. Ke2 Rc2+ 30. Kd3 Rc1+ 31. Ke2 Qxb2+ 32. Bd2 Qb5+ 33. Qd3
Rxg1 34. Rxg1 34... Nc4 $19) ({10:-2.64} 26. Qg3 26... Qh7 27. Qh2 Qd3 28. Be3
Re6 29. h4 Bd6 30. Qh3 30... Bc4 $19) 26... cxd5 27. Kd2 ({8:-5.41} 27. Kd2
27... Bb4+ 28. Kd1 Re4 29. Bd2 Rxd4 30. Qe3 Rxd2+ 31. Qxd2 Bxd2 32. Kxd2 $19) (
{8:-3.59} 27. Kd1 27... Rc8 28. g3 Qb1+ 29. Ke2 Qxb2+ 30. Kf1 Qa1+ 31. Kg2 Qxd4
32. Qh5+ 32... Kg7 $19) 27... Bb4+ 28. Kd1 Rc8 29. Qb3 Qb1+ 30. Ke2 Qc2+ 31.
Qxc2 Rxc2+ 32. Kf3 Rxb2 33. Rb1 Bc3 34. Rxb2 Bxb2 35. Rd1 Re8 36. Bc1 Bxc1 37.
Rxc1 Nc4 38. g3 b5 39. Rd1 b4 40. h4 a5 41. g4 a4 42. g5 fxg5 43. hxg5 b3 44.
axb3 axb3 45. Kg3 b2 46. Rb1 Rb8 47. f4 Nd2 48. Rh1+ Kg7 49. f5 b1=Q 50. Rxb1
Rxb1 51. Kf4 Nc4 52. Kg4 Rd1 53. Kf3 Rxd4 54. Kg3 Nd6 55. f6+ Kg6 56. Kf2 Kxg5
57. f7 Nxf7 58. Kf3 Re4 59. Kg2 Kg4 60. Kf2 Ne5 61. Kg2 Re2+ 62. Kf1 Kf3 63.
Kg1 Ng4 64. Kf1 d4 65. Kg1 Re1# 0-1

[Event "ICS rated blitz match"]
[Site "207.99.83.227"]
[Date "1999.05.14"]
[Round "?"]
[White "tol4511"]
[Black "Hossa"]
[Result "1-0"]
[WhiteElo "2120"]
[BlackElo "2506"]
[Annotator "Crafty v16.6"]
[PlyCount "120"]

{annotating for player ossa using a scoring margin of +0.20 pawns. search time
limit is 1:00} 1. g3 1... e5 2. d4 exd4 3. Qxd4 Nf6 4. Nh3 Nc6 5. Qa4 Bc5 6.
Bg2 O-O 7. c3 Re8 8. Bg5 Qe7 9. e3 h6 10. Bxf6 Qxf6 11. O-O Bd6 12. Na3 Be5 ({
9:-0.06} 12... Be5 13. Nc4 Qf5 14. Nxe5 Rxe5 15. Nf4 Rb5 16. e4 Qe5 17. Qc2 $10
) ({9:+0.24} 12... a6 13. Nc2 Re5 14. Qg4 Bc5 15. Nd4 d5 16. Qf4 Qxf4 17. Nxf4
$10) 13. Rad1 Qf5 14. Nf4 Qg4 ({9:-0.64} 14... Qg4 15. Bh3 Qf3 16. Bxd7 Bxd7
17. Rxd7 Rad8 18. Qd1 Qe4 19. Nb5 Bxf4 20. exf4 $14) ({9:-0.32} 14... Qg5 15.
Nd5 Qd8 16. Nc4 Bf6 17. Nxf6+ Qxf6 18. Qc2 Qe6 19. Bxc6 Qxc6 20. Qd3 $14) 15.
Bh3 Qg5 16. Bxd7 Bxd7 17. Rxd7 Qf5 18. Rd5 a6 19. Rfd1 Qg4 20. Kg2 b5 21. Qc2
Bd6 22. f3 Qc8 23. Qe2 Bxa3 24. bxa3 Ne5 25. e4 c6 26. R5d4 Qc7 27. Nd3 Nc4 28.
a4 Qa5 29. Nb2 Qxc3 ({10:-0.91} 29... Qxc3 30. Nxc4 c5 31. R1d3 Qa1 32. Rd7
bxc4 33. R3d5 Qc3 34. Rxc5 $16) ({10:-0.57} 29... Nxb2 30. Qxb2 bxa4 31. Rc4 a3
32. Qb4 Qb5 33. Rd6 Rad8 34. Rdd4 Rxd4 35. cxd4 $14) 30. Nxc4 c5 31. R4d2 Qxc4
32. Qxc4 bxc4 33. a3 Rab8 34. Rc1 Rb3 35. Rxc4 Rxa3 36. Rxc5 Rxa4 37. Rc7 g6
38. Rdd7 Rf8 39. Kh3 Ra5 40. f4 Ra4 41. e5 Ra2 42. Rd6 Re2 43. Rxa6 h5 44. Rac6
Re3 45. Kh4 Re2 46. h3 Re3 47. g4 hxg4 48. hxg4 Re2 49. Kg5 Re4 50. Rf6 Re3 51.
Re7 Rf3 52. e6 fxe6 53. Rxg6+ Kh8 54. Rh6+ Kg8 55. Reh7 Rg3 56. Rh8+ Kf7 57.
Rf6+ Ke7 58. Rfxf8 Rc3 59. Re8+ Kd6 60. Rd8+ Kc5 1-0

[Event "ICS rated blitz match"]
[Site "207.99.83.227"]
[Date "1999.05.14"]
[Round "?"]
[White "Hossa"]
[Black "ParalyseCabbage"]
[Result "1-0"]
[WhiteElo "2477"]
[BlackElo "2101"]
[Annotator "Fritz 5.32 (15s)"]
[PlyCount "25"]

1. e4 c6 2. d4 d5 3. Nc3 dxe4 4. Nxe4 Bf5 5. Ng3 Bg6 6. Nf3 Nf6 7. Bd3 Bxd3 8.
Qxd3 Nbd7 9. O-O e6 10. Bg5 (10. c4 Be7 11. b3 11... O-O {
- Hjartarson,J-Danielsen,H/Aruna, Copenhagen DEN 1997 (11)}) 10... Be7 11. Qb3
$146 (11. c3 Qc7 12. Rad1 Rd8 13. Ne4 O-O 14. Qc2 Rfe8 15. Bh4 Nh5 16. Bxe7
16... Rxe7 {- Langrock,H-Draeger,T/DEM U13 Pinneberg 1996 (16)}) (11. Rfe1 h6
12. Bd2 Bd6 13. Nf5 Bf8 14. Qb3 b6 15. Rxe6+ fxe6 16. Qxe6+ Be7 17. Nd6+ Kf8
18. Qf7# {1-0 Sommer,O-Weber/Germany 1949 (18)}) 11... Qb6 12. Ne5 12... O-O $4
$18 {gibt den Vorteil aus der Hand} (12... Qxd4 $142 {
nur damit konnte man noch auf Rettung hoffen} 13. Qxb7 Rb8 14. Nxc6 Rxb7 15.
Nxd4 15... Rxb2 $11) 13. Nxd7 (13. Nxd7 Nxd7 14. Bxe7 $18) 1-0

[Event "ICS rated blitz match"]
[Site "207.99.83.227"]
[Date "1999.05.14"]
[Round "?"]
[White "Hossa"]
[Black "iva"]
[Result "1-0"]
[WhiteElo "2480"]
[BlackElo "2362"]
[PlyCount "125"]

1. e4 e6 2. Nf3 d5 3. exd5 exd5 4. Bb5+ c6 5. Be2 Bd6 6. O-O Nf6 7. d4 O-O 8.
Re1 Bg4 9. Ne5 Bxe2 10. Rxe2 Nbd7 11. Bf4 Bxe5 12. dxe5 Ne4 13. Nd2 Ndc5 14.
Nxe4 Nxe4 15. Be3 Re8 16. f3 Ng5 17. Qd4 Ne6 18. Qg4 Nf8 19. f4 Qd7 20. Qg5 Ne6
21. Qh5 g6 22. Qh6 Ng7 23. Rae1 Nf5 24. Qg5 Qd8 25. Bc1 Qxg5 26. fxg5 Re6 27.
Kf1 Rae8 28. Bf4 Kg7 29. g4 Ne7 30. b4 d4 31. Re4 Nd5 32. Rxd4 Nxf4 33. Rxf4
Rxe5 34. Rxe5 Rxe5 35. h4 Re3 36. a4 Rc3 37. Rd4 Rxc2 38. Rd7 Rc4 39. Rxb7 Rxg4
40. Kf2 Rxh4 41. Kg3 Rc4 42. b5 cxb5 43. axb5 Ra4 44. Kh3 a6 45. bxa6 Rxa6 46.
Kh4 Ra4+ 47. Kg3 Ra1 48. Rd7 Rf1 49. Rd4 h6 50. gxh6+ Kxh6 51. Kg2 f5 52. Kxf1
Kh5 53. Rd5 Kg4 54. Re5 f4 55. Kg2 g5 56. Kf2 f3 57. Ke3 Kh3 58. Kxf3 g4+ 59.
Kf4 g3 60. Re3 Kh2 61. Rxg3 Kh1 62. Ke3 Kh2 63. Kf2 {iva resigns} 1-0

[Event "ICS rated blitz match"]
[Site "207.99.83.227"]
[Date "1999.05.14"]
[Round "?"]
[White "knightmare51"]
[Black "Hossa"]
[Result "0-1"]
[WhiteElo "2276"]
[BlackElo "2482"]
[PlyCount "70"]

1. d4 Nf6 2. Nf3 e6 3. e3 c5 4. Bd3 Nc6 5. c3 d5 6. Nbd2 Be7 7. O-O O-O 8. a3
Rb8 9. b4 c4 10. Bb1 Bd6 11. Re1 Bd7 12. e4 Bf4 13. e5 Ng4 14. Nf1 Bxc1 15.
Qxc1 f6 16. exf6 Qxf6 17. Ng3 e5 18. h3 exd4 19. hxg4 Bxg4 20. Qg5 Bxf3 21.
Qxf6 Rxf6 22. gxf3 dxc3 23. Bf5 Nd4 24. Bg4 Nc2 25. Rac1 Nxe1 26. Rxe1 Kf8 27.
Kg2 d4 28. Ne4 Rg6 29. Kh2 Rh6+ 30. Kg3 b6 31. b5 Rd8 32. Rc1 Rd5 33. f4 Rxb5
34. Nxc3 Rb3 35. f3 35... Rxc3 {knightmare51 resigns} 0-1

[Event "ICS rated blitz match"]
[Site "207.99.83.227"]
[Date "1999.05.14"]
[Round "?"]
[White "Hossa"]
[Black "gambit2"]
[Result "0-1"]
[WhiteElo "2489"]
[BlackElo "2385"]
[Annotator "Crafty v16.6"]
[PlyCount "106"]

{annotating for player ossa using a scoring margin of +0.20 pawns. search time
limit is 1:00} 1. e4 1... e6 2. Nf3 d5 3. exd5 exd5 4. Bb5+ c6 5. Be2 Nf6 6.
O-O Bd6 7. d4 O-O 8. Re1 Bg4 9. Ne5 Bxe2 10. Rxe2 Nfd7 11. Nf3 Nb6 12. Bg5 f6
13. Bh4 g5 14. Bg3 Bxg3 15. fxg3 Re8 16. Qf1 Na6 17. Nc3 Qd6 18. Rae1 Nc7 19.
Nd2 Rxe2 20. Nxe2 Re8 21. Kh1 ({10:-0.79} 21. Kh1 21... Qb4 22. Nb3 Nc4 23. c3
Qe7 24. Nc5 Nxb2 25. Qf5 25... Nb5 $17) ({10:-0.43} 21. Qf2 21... Nb5 22. Rf1
Qe6 23. Nc1 Kg7 24. Nf3 Qe3 25. Re1 Qxf2+ 26. Kxf2 26... Re4 $15) 21... Qe7 22.
b3 Qe3 23. Nb1 Re6 24. a4 Nc8 25. Nbc3 ({11:-1.04} 25. Nbc3 25... Nd6 26. Nd1
Qd2 27. c3 Qa2 28. b4 Qxa4 29. Qf3 Qc2 30. Qh5 $17) ({11:-0.75} 25. c3 25...
Qd3 26. a5 Nd6 27. g4 Re3 28. Ng3 Qxf1+ 29. Rxf1 Kf7 30. Nh5 Ne4 31. Rf5 $17)
25... Nd6 26. Nd1 ({11:-1.31} 26. Nd1 26... Qd2 27. c3 Qc2 28. b4 Qxa4 29. Nf2
Qc2 30. Ng4 Qd2 31. Kg1 $17) ({11:-1.06} 26. Rd1 26... Ne4 27. Nxe4 Qxe4 28.
Rd2 Qe3 29. Qd1 a5 30. h3 30... Re4 $17) 26... Qd2 27. c3 Qc2 28. b4 Qxa4 29.
Nf2 ({11:-2.09} 29. Nf2 29... Qc2 30. Nh3 Qd2 31. Nhg1 Ne4 32. Nf3 Qd3 33. Nfg1
Qe3 34. Qf3 $19) ({11:-1.74} 29. g4 29... Qc2 30. Ng3 Rxe1 31. Qxe1 Ne4 32.
Nxe4 Qxe4 33. Qg3 Ne6 34. h3 Kf7 35. Nf2 35... Qe2 $19) 29... Qc2 30. Ng4 ({
10:-3.03} 30. Ng4 30... Qd2 31. h4 gxh4 32. gxh4 Ne4 33. Kh2 Nxc3 34. Nxc3 Qxe1
35. Qxe1 Rxe1 36. Nxf6+ $19) ({11:-2.40} 30. Nh3 30... Qd2 31. Nhg1 Ne4 32. Nf3
Qd3 33. Ra1 Nxc3 34. Nxc3 Qxc3 35. Rxa7 35... Qxb4 $19) 30... Qd2 31. Nf2 Ncb5
32. Nh3 Nxc3 33. Nhg1 Nce4 34. g4 Qxb4 35. Ra1 a5 36. Rc1 Qd2 37. h3 a4 38. Ra1
b5 39. Rc1 a3 40. Rxc6 Qxd4 41. Ra6 Qe3 42. Ra8+ Re8 43. Rxe8+ Nxe8 44. Qb1
N8d6 45. Qa2 Nc4 46. Qb1 Nf2+ 47. Kh2 Nd2 48. Qc1 a2 49. Qc8+ Kg7 50. Ng3 Qxg3+
51. Kxg3 Nfe4+ 52. Kh2 Nf1+ 53. Kh1 Nf2# 0-1

[Event "ICS rated blitz match"]
[Site "207.99.83.227"]
[Date "1999.05.14"]
[Round "?"]
[White "iccjunkie"]
[Black "Hossa"]
[Result "0-1"]
[WhiteElo "2566"]
[BlackElo "2468"]
[PlyCount "120"]

1. d4 Nf6 2. c4 d6 3. Nc3 Nbd7 4. e4 e5 5. Nge2 Be7 6. f3 O-O 7. Be3 c5 8. dxc5
dxc5 9. Nd5 Nxd5 10. cxd5 Qa5+ 11. Qd2 Qb6 12. Nc3 Rd8 13. Rb1 f5 14. Be2 Qg6
15. O-O Nf6 16. Bd3 f4 17. Bf2 Bh3 18. g3 Bxf1 19. Kxf1 Qh5 20. Kg2 fxg3 21.
hxg3 Rac8 22. Bc4 Bd6 23. Nb5 a6 24. Nxd6 Rxd6 25. a4 Nd7 26. Rh1 Qg6 27. a5
Rf8 28. b4 b6 29. bxc5 bxc5 30. Rb1 Qh5 31. g4 Qg6 32. Rh1 Qf6 33. Qe2 Qd8 34.
Be1 Qc8 35. Bc3 Rdf6 36. Rh3 Qa8 37. Qb2 Qb8 38. Qa1 Qe8 39. Be2 Qe7 40. Rh5
Re8 41. Qh1 h6 42. Qf1 Qd6 43. Bc4 Ref8 44. Rh3 Rg6 45. Qa1 Qf6 46. Qc1 Kh8 47.
Qd1 Rd8 48. Qe2 Rb8 49. Rh1 Rf8 50. Rh5 Qd6 51. Rf5 Rxf5 52. exf5 Rf6 53. Qb2
h5 54. Qb7 hxg4 55. fxg4 g6 56. Qc8+ Kg7 57. fxg6 Rxg6 58. Kg3 Nf6 59. Qc6 Qxc6
60. dxc6 60... Ne4+ {iccjunkie resigns} 0-1

[Event "ICS rated blitz match"]
[Site "207.99.83.227"]
[Date "1999.05.14"]
[Round "?"]
[White "Hossa"]
[Black "Amateur"]
[Result "1/2-1/2"]
[WhiteElo "2488"]
[BlackElo "2557"]
[PlyCount "156"]

1. e4 e6 2. d3 Nc6 3. Be2 Nf6 4. Nf3 d5 5. e5 Nd7 6. d4 Be7 7. O-O f6 8. exf6
Nxf6 9. Re1 O-O 10. Bg5 Bd7 11. Nc3 Ne4 12. Be3 Bf6 13. a3 Be8 14. Rb1 Qe7 15.
a4 Rd8 16. Bd3 Bg6 17. Qe2 Qb4 18. Nb5 a6 19. Nxc7 Qe7 20. Nxa6 bxa6 21. Bxa6
Bh5 22. Qd1 Bxf3 23. gxf3 Nd6 24. c3 Nf5 25. Bb5 Na7 26. Ba6 Nxe3 27. Rxe3 Bg5
28. f4 Rxf4 29. Qe2 Bh4 30. f3 Rd6 31. Bd3 Nc6 32. b4 Qf6 33. a5 Qh6 34. Kh1
Bg5 35. Re1 Rf6 36. f4 Bxf4 37. Rf3 Bg5 38. Ref1 Rf4 39. Rxf4 Bxf4 40. Qf2 g5
41. Qg2 Qg7 42. Qh3 Qd7 43. Qh5 Qe7 44. h4 e5 45. dxe5 Re6 46. hxg5 Bxg5 47.
Rg1 Rxe5 48. Rg3 Kh8 49. Rh3 Re1+ 50. Kg2 h6 51. Bb5 Na7 52. Bd3 d4 53. cxd4
Nc6 54. Qg6 Re6 55. Qh5 Nxd4 56. Qg4 Nc2 57. Bxc2 Re2+ 58. Kf1 Rxc2 59. Qd4+
Bf6 60. Rxh6+ Kg7 61. Rg6+ Kxg6 62. Qd3+ Kg5 63. Qxc2 Qxb4 64. Qg2+ Kh6 65.
Qh3+ Kg5 66. Qg2+ Kh5 67. Qf3+ Kg6 68. Qd3+ Kg5 69. Qg3+ Kf5 70. Qf3+ Ke6 71.
Qc6+ Ke5 72. Qc7+ Ke4 73. Qc6+ Kf5 74. Qf3+ Ke5 75. Qe3+ Kd5 76. Qf3+ Ke5 77.
Qe3+ Kd5 78. Qf3+ 78... Ke5 {Game drawn by repetition} 1/2-1/2

[Event "ICS rated blitz match"]
[Site "207.99.83.227"]
[Date "1999.05.14"]
[Round "?"]
[White "Amateur"]
[Black "Hossa"]
[Result "1-0"]
[WhiteElo "2563"]
[BlackElo "2491"]
[Annotator "Crafty v16.6"]
[PlyCount "60"]

{annotating for player ossa using a scoring margin of +0.20 pawns. search time
limit is 1:00} 1. d4 1... Nf6 2. c4 d6 3. Nc3 Nbd7 4. Nf3 e5 5. Qa4 exd4 6.
Nxd4 Be7 7. Nf5 O-O 8. Bg5 Nb6 9. Nxe7+ Qxe7 10. Qb3 Qe5 11. Bxf6 Qxf6 12. Nd5
Nxd5 13. cxd5 Re8 14. e3 Re5 ({9:+0.29} 14... Re5 15. Be2 Rg5 16. Bf3 b6 17.
Qc3 Qxc3+ 18. bxc3 Bf5 19. Kd2 19... Re8 $10) ({9:+0.82} 14... Qg5 15. Qa4 Re5
16. Rc1 Bg4 17. Qb3 b5 18. Rxc7 Rxd5 19. Bd3 $17) 15. Be2 Rg5 16. Bf3 Re5 ({
11:-0.16} 16... Re5 17. Rc1 Re7 18. O-O b6 19. Qc2 Bf5 20. e4 Bh3 21. Qd3 21...
Qg5 $10) ({11:+0.39} 16... Bh3 17. Qxb7 Rf8 18. Rc1 Bxg2 19. Bxg2 Rxg2 20. Rc2
Qf5 21. Qxc7 Qd3 22. Qc4 $15) 17. Rc1 Re7 18. O-O a5 ({11:-0.86} 18... a5 19.
Rc4 Rb8 20. Qc2 c5 21. dxc6 bxc6 22. Rxc6 Bf5 23. Qd1 Rxb2 24. Rxd6 $16) ({
11:-0.33} 18... b6 19. Rc3 Rb8 20. Rfc1 Rb7 21. Qc4 Qe5 22. Qd3 Bf5 23. e4
23... Bg6 $14) 19. Rc4 c5 ({10:-1.36} 19... c5 20. dxc6 Be6 21. cxb7 Rb8 22.
Bd5 Rexb7 23. Bxb7 Bxc4 24. Qxc4 24... Rxb7 $16) ({10:-0.86} 19... a4 20. Qb5
a3 21. bxa3 c5 22. dxc6 bxc6 23. Bxc6 Rxa3 24. Qb8 24... Qe6 $16) 20. dxc6 Be6
21. cxb7 Rb8 22. Bd5 Ree8 ({9:-2.78} 22... Ree8 23. Rc7 Qd8 24. Rfc1 a4 25. Qc4
Bxd5 26. Qxd5 Re7 27. Rc8 $18) ({9:-2.42} 22... h6 23. Bxe6 Rexb7 24. Bxf7+
Qxf7 25. Qc3 Rxb2 26. Rc7 Qf6 27. Qxa5 $18) 23. Bxe6 Qxe6 24. Rfc1 Qd5 ({
10:-11.50} 24... Qd5 25. Rc8 Qf5 26. Rxe8+ Rxe8 27. b8=Q Rf8 28. Qxd6 h6 29.
Qbd5 Qxd5 30. Qxd5 Rb8 31. Rc7 $18) ({10:-2.98} 24... Kf8 25. Qb6 Qd5 26. Rc7
a4 27. b3 axb3 28. Qxb3 Qxb3 29. axb3 Re7 30. Rc8+ Re8 31. Rxb8 31... Rxb8 $18)
25. Rc8 Qd2 26. Rxe8+ Rxe8 27. Qc3 Qxc1+ ({10:-12.28} 27... Qxc1+ 28. Qxc1 Kf8
29. Qc8 g5 30. Qxe8+ Kxe8 31. b8=Q+ Ke7 32. Qa7+ Ke6 33. Qxa5 f5 34. b4 $18) ({
10:-11.71} 27... Qd5 28. Qc6 Qxc6 29. Rxc6 Kf8 30. Rc8 a4 31. Rxe8+ Kxe8 32.
b8=Q+ Ke7 33. Qc7+ Ke6 34. Qc4+ d5 35. Qxa4 $18) 28. Qxc1 Rf8 29. Qc7 h5 ({
10:-17.49} 29... h5 30. b8=R g5 31. a4 Rxb8 32. Qxb8+ Kg7 33. b4 axb4 34. Qxb4
d5 35. Qe7 $18) ({10:-13.43} 29... f6 30. Qc4+ d5 31. Qxd5+ Kh8 32. Qxa5 Kg8
33. Qa8 h5 34. Qxf8+ Kxf8 35. b8=Q+ Kf7 36. b4 $18) 30. Qxa5 Re8 1-0

[Event "ICS rated blitz match"]
[Site "207.99.83.227"]
[Date "1999.05.14"]
[Round "?"]
[White "Hossa"]
[Black "Angharad"]
[Result "1-0"]
[WhiteElo "2478"]
[BlackElo "2248"]
[Annotator "Fritz 5.32 (15s)"]
[PlyCount "28"]

1. e4 d5 2. exd5 Nf6 3. Bb5+ c6 4. dxc6 Nxc6 (4... bxc6 5. Be2 e5 6. d3 Be7 7.
Nc3 O-O 8. Ne4 Nbd7 9. Nf3 Qb6 10. O-O Rd8 11. Nxf6+ Bxf6 12. Nxe5 Ba6 13. Be3
Qxb2 14. Nxd7 Rxd7 15. Bg4 {
1-0 Sihombing,H-Roussel,P/World Cities, Jakarta INA 1997 (15)}) 5. Nf3 $146 (5.
d4 Bg4 (5... Qb6 6. Ba4 Bf5 7. Nf3 O-O-O 8. c3 e5 9. Bxc6 Qxc6 10. O-O Bg4 11.
Nxe5 Qe6 12. Nxg4 Nxg4 13. h3 h5 14. Bf4 Bd6 15. Qf3 f6 16. Nd2 g5 17. Rfe1 {
1-0 Lang,T-Loef,D/RLPF-chJ U17 1991 (17)}) (5... a6 6. Bxc6+ bxc6 7. Nf3 c5 8.
dxc5 Qxd1+ 9. Kxd1 e6 10. b4 Bb7 11. Bb2 Be7 12. Nbd2 a5 13. a3 Bc6 14. Ke2 O-O
15. c4 axb4 16. axb4 Bxf3+ 17. gxf3 Rab8 18. Bc3 Rfc8 19. Rhg1 Ne8 20. Ra7 {
Obrien,R-Webb,A/Belconnen Club Championship, 1994/1-0 (32)}) 6. f3 Bf5 7. Ne2
e6 8. Nbc3 Bd6 9. Bf4 Bxf4 10. Nxf4 O-O 11. O-O Qxd4+ 12. Qxd4 Nxd4 13. Bd3
Bxd3 14. cxd3 g5 15. Nfe2 Nc2 16. Rac1 Ne3 17. Rfe1 Ned5 18. Ne4 Rac8 19. Kf2
19... h6 {OBwan-lua/ICS 1995/0-1 (30)}) 5... Bg4 6. O-O g6 7. h3 Bd7 8. d4 e6
9. Re1 a6 10. Ba4 Be7 11. c4 O-O 12. Nc3 Qc7 (12... Na5 13. Bxd7 Nxd7 14. b3
$18) 13. Bh6 (13. d5 13... Nb8 $18) 13... Rfd8 14. Qd2 $16 (14. d5 $5 14... b5
15. cxb5 $18 (15. dxc6 $6 15... Bxc6 16. Qe2 16... bxa4 $14)) 14... Bb4 $2 $18
(14... Nxd4 $5 $142 15. Nxd4 Bxa4 16. Nxa4 16... e5 $16) 1-0

[Event "ICS rated blitz match"]
[Site "207.99.83.227"]
[Date "1999.05.14"]
[Round "?"]
[White "Hossa"]
[Black "Amateur"]
[Result "1/2-1/2"]
[WhiteElo "2485"]
[BlackElo "2546"]
[PlyCount "213"]

1. e4 e5 2. f4 exf4 3. Nf3 Nf6 4. e5 Nh5 5. d4 d6 6. Bb5+ c6 7. Bc4 Bf5 8. O-O
Nd7 9. exd6 Bxd6 10. Qe2+ Kf8 11. Ne5 Nxe5 12. dxe5 Bc5+ 13. Kh1 Qh4 14. Bxf4
Nxf4 15. Qf3 Nh3 16. Qxf5 Nf2+ 17. Rxf2 Qxf2 18. Qxf2 Bxf2 19. Nc3 b5 20. Rf1
bxc4 21. Rxf2 Re8 22. Re2 Rb8 23. Nd1 Ke7 24. c3 Ke6 25. Ne3 Rhd8 26. h4 Kxe5
27. Nxc4+ Kd5 28. b3 Re8 29. Rd2+ Kc5 30. Rf2 Rbd8 31. Rxf7 Re4 32. Rxa7 Rxh4+
33. Kg1 Kd5 34. Rxg7 Kc5 35. Rg5+ Rd5 36. Rxd5+ Kxd5 37. a4 Rf4 38. a5 Rf7 39.
Kh2 Rb7 40. Nb6+ Kc5 41. b4+ Kb5 42. Nc8 Rd7 43. Kg1 c5 44. bxc5 Kxc5 45. Kf1
Rd1+ 46. Ke2 Ra1 47. Kd3 Rxa5 48. Ne7 Ra2 49. g4 Rg2 50. Nf5 Rxg4 51. Ne3 Rg8
52. Nf5 h5 53. Kc2 Rg2+ 54. Kd3 h4 55. Nxh4 Rg3+ 56. Ke2 Rxc3 57. Ng2 Kd4 58.
Nh4 Ke4 59. Ng2 Rc2+ 60. Kf1 Ra2 61. Nh4 Rb2 62. Ng2 Rc2 63. Nh4 Rd2 64. Ng2
Rd6 65. Nh4 Rd7 66. Ng2 Rc7 67. Nh4 Ra7 68. Ng2 Ra1+ 69. Kf2 Ra2+ 70. Kg3 Ra3+
71. Kg4 Ra8 72. Nh4 Rg8+ 73. Kh3 Rg5 74. Ng2 Rg8 75. Nh4 Rg7 76. Ng2 Rb7 77.
Nh4 Rf7 78. Ng2 Rc7 79. Nh4 Rh7 80. Kg4 Rg7+ 81. Kh3 Rg8 82. Ng2 Ra8 83. Nh4
Ra7 84. Ng2 Rf7 85. Nh4 Rd7 86. Ng2 Rh7+ 87. Kg4 Rg7+ 88. Kh3 Ra7 89. Nh4 Rg7
90. Ng2 Rd7 91. Nh4 Rh7 92. Kg4 Rh8 93. Ng2 Rg8+ 94. Kh3 Ra8 95. Nh4 Rg8 96.
Ng2 Rb8 97. Nh4 Rb7 98. Ng2 Rh7+ 99. Kg4 Rg7+ 100. Kh3 Rb7 101. Nh4 Rc7 102.
Ng2 Rc6 103. Nh4 Rh6 104. Kg4 Kd5 105. Ng2 Ke4 106. Nh4 Rf6 107. Ng2 {
Game drawn by the 50 move rule} 1/2-1/2

[Event "ICS rated blitz match"]
[Site "207.99.83.227"]
[Date "1999.05.14"]
[Round "?"]
[White "ekw"]
[Black "Hossa"]
[Result "1-0"]
[WhiteElo "2210"]
[BlackElo "2488"]
[Annotator "Crafty v16.6"]
[PlyCount "79"]

{annotating for player ossa using a scoring margin of +0.20 pawns. search time
limit is 1:00} 1. e4 1... e5 2. Nf3 Nf6 3. Nxe5 Qe7 4. Nf3 Nxe4 ({10:-1.08} 
4... Nxe4 5. Be2 d5 6. O-O Bg4 7. d3 Nf6 8. Re1 Nc6 9. Bf1 $16) ({10:-0.04} 
4... Qxe4+ 5. Be2 Be7 6. O-O O-O 7. Nc3 Qg4 8. Ne5 Qd4 9. Nf3 9... Qf4 $10) 5.
Be2 Qd8 6. O-O Be7 7. d4 O-O 8. Bd3 Nf6 9. c4 d5 10. Nc3 dxc4 11. Bxc4 Bg4 12.
h3 Bh5 13. g4 Nxg4 ({10:-1.13} 13... Nxg4 14. hxg4 Bxg4 15. Qd3 Nc6 16. Ne5
Nxe5 17. dxe5 Qxd3 18. Bxd3 Rad8 19. Be4 $16) ({10:-0.28} 13... Bg6 14. Re1 Nc6
15. Nh4 Na5 16. Nxg6 hxg6 17. Bd3 Re8 18. Re5 18... Bb4 $10) 14. hxg4 Bxg4 15.
Qd3 Nc6 16. Ne5 Nxe5 17. dxe5 Qc8 18. Qg3 Bc5 19. Kg2 Rd8 20. Ne4 Be7 21. Bg5
Rd4 22. Bxe7 Rxe4 23. Bb3 Be2 24. Rfe1 Qe8 ({9:-2.05} 24... Qe8 25. f3 Re3 26.
Bf6 Qf8 27. Bd5 c6 28. Qg5 28... Rd3 $18) ({9:-0.92} 24... Qf5 25. Bc2 Qxe5 26.
Bf6 Qxg3+ 27. fxg3 Re6 28. Bg5 Rae8 29. Bf5 29... Re5 $16) 25. f3 Qxe7 26. fxe4
Bh5 27. Rac1 c5 ({9:-3.11} 27... c5 28. e6 fxe6 29. Qe5 Bg4 30. Rxc5 Rf8 31.
Rc7 Bf3+ 32. Kg1 $18) ({9:-2.51} 27... c6 28. Kg1 Re8 29. Qe3 Qh4 30. Rc5 Bg4
31. Rf1 31... Re7 $18) 28. Bd5 Rf8 29. Rf1 Re8 30. Rf2 a5 31. Rcf1 Rf8 32. Rf6
Kh8 33. Rd6 a4 34. a3 Qe8 35. Rh1 Be2 36. Kf2 Ba6 37. Qh4 h6 38. Rxh6+ gxh6 39.
Qxh6+ Kg8 40. Qh7# 1-0